| 000 -LEADER |
| fixed length control field |
00562cam a2200181 a 4500 |
| 020 ## - INTERNATIONAL STANDARD BOOK NUMBER |
| ISBN |
047188474X |
| 020 ## - INTERNATIONAL STANDARD BOOK NUMBER |
| ISBN |
9780471884743 |
| 040 ## - CATALOGING SOURCE |
| Transcribing agency |
DLC |
| 082 ## - DEWEY DECIMAL CLASSIFICATION NUMBER |
| Classification number |
519 WIL 1984 A027 Or. |
| 100 1# - MAIN ENTRY--AUTHOR NAME |
| Personal name |
Hettmansperger, Thomas P., |
| 245 10 - TITLE STATEMENT |
| Title |
Statistical inference based on ranks / |
| 260 ## - PUBLICATION, DISTRIBUTION, ETC. (IMPRINT) |
| Place of publication |
New York : |
| Name of publisher |
Wiley, |
| Year of publication |
c1984. |
| 300 ## - PHYSICAL DESCRIPTION |
| Number of Pages |
xvii, 323 p. ; |
| Dimensions |
24 cm. |
| 490 1# - SERIES STATEMENT |
| Series statement |
Wiley series in probability and mathematical statistics. Probability and mathematical statistics, |
| 650 #0 - SUBJECT ADDED ENTRY--TOPICAL TERM |
| Topical Term |
Experimental design. |
| 650 #0 - SUBJECT ADDED ENTRY--TOPICAL TERM |
| Topical Term |
Nonparametric statistics. |
| 942 ## - ADDED ENTRY ELEMENTS (KOHA) |
| Koha item type |
សៀវភៅភាសាអង់គ្លេស |
| 952 ## - LOCATION AND ITEM INFORMATION (KOHA) |
| Withdrawn status [LOCAL, KOHA] |
0 |